Safavid Monarchs - Statistics

General Stats
  • This quiz has been taken 41 times
  • The average score is 7 of 11
Answer Stats
Reigned Monarch % Correct
1587-1629 Abbas
97%
1501-1524 Ismail
94%
1524-1576 Tahmasp
81%
1642-1666 Abbas II
72%
1732-1736 Abbas III
72%
1576-1578 Ismail II
69%
1722-1732 Tahmasp II
63%
1629-1642 Safi
53%
1666-1694 Suleiman
38%
1694-1722 Husayn
31%
1578-1587 Mohammad Khodabanda
31%
No matching quizzes found
Score Distribution
Percent of People with Each Score
Percentile by Number Answered
Your Score History
You have not taken this quiz